00838nam a2200181 a 450000100100000000500170001000800410002704000250006810000350009324500590012826000580018730000210024549000560026659000760032283000630039895201780046199900170063900003528120200930074228.0111027s1963 eg 000 0 spa d aDO-SdBNPbspacBNPHU1 aLeón-Portilla, Miguel94263610aImagen del México antiguo /cMiguel León-Portilla. aBuenos Aires :bUniversitaria de Buenos Aires,c1963. a118 p. ;c18 cm.1 aBiblioteca de América/ Libros del tiempo nuevov3 aPerteneció a la biblioteca personal de Juan Isidro Jimenes Grullón. 0aBiblioteca de América. Libros del tiempo nuevon3961046 001050718MOaGRbGRcCTd2011-10-27iLF1l0o p35281-10r2020-06-25w2020-06-25y1zPerteneció a la biblioteca personal de Juan Isidro Jimenes Grullón.ZNo se presta c34772d34772